| 000 | 01327nam a2200349Ia 4500 | ||
|---|---|---|---|
| 001 | ebr10057188 | ||
| 003 | CaPaEBR | ||
| 006 | m u | ||
| 007 | cr cn||||||||| | ||
| 008 | 970402s1997 enk s 000 0 eng d | ||
| 010 | _z 97014241 | ||
| 020 | _z020344731X | ||
| 020 | _z0415166462 (alk. paper) | ||
| 020 | _z0415166470 (pbk. : alk. paper) | ||
| 040 |
_aCaPaEBR _cCaPaEBR |
||
| 035 | _a(OCoLC)560363747 | ||
| 050 | 1 | 4 |
_aJZ1745 _b.D67 1997eb |
| 082 | 0 | 4 |
_a327.52 _221 |
| 100 | 1 | _aDore, Ronald Philip. | |
| 245 | 1 | 0 |
_aJapan, internationalism and the UN _h[electronic resource] / _cRonald Dore. |
| 260 |
_aLondon ; _aNew York : _bRoutledge, _c1997. |
||
| 300 | _axl, 192 p. | ||
| 490 | 1 | _aNissan Institute/Routledge Japanese studies series | |
| 533 |
_aElectronic reproduction. _bPalo Alto, Calif. : _cebrary, _d2009. _nAvailable via World Wide Web. _nAccess may be limited to ebrary affiliated libraries. |
||
| 610 | 2 | 0 |
_aUnited Nations _zJapan. |
| 650 | 0 | _aInternational relations. | |
| 651 | 0 |
_aJapan _xForeign relations _y1989- |
|
| 655 | 7 |
_aElectronic books. _2local |
|
| 710 | 2 | _aebrary, Inc. | |
| 830 | 0 | _aNissan Institute/Routledge Japanese studies series. | |
| 856 | 4 | 0 |
_uhttp://site.ebrary.com/lib/rucke/Doc?id=10057188 _zAn electronic book accessible through the World Wide Web; click to view |
| 999 |
_c71429 _d71429 |
||